[Event "XLIV Memoriał Szachowy Ludwika Zamenhofa 2025, Grupa B"]
[Site "Bialystok, Poland"]
[Date "2025.12.30"]
[Round "7.12"]
[White "Jakubowska, Anna"]
[Black "Mykhaliuk, Mykhailo"]
[Result "1-0"]
[TimeControl "90'+30\""]
[WhiteElo "2139"]
[BlackElo "1775"]

1. f4 {[%clk 01:30:51]} {[%emt 00:00:10]} d5 {[%clk 01:28:25]} {[%emt
00:03:05]} 2. Nf3 {[%clk 01:31:11]} {[%emt 00:00:09]} Nf6 {[%clk 01:27:37]}
{[%emt 00:01:18]} 3. g3 {[%clk 01:31:35]} {[%emt 00:00:07]} g6 {[%clk
01:27:10]} {[%emt 00:00:56]} 4. Bg2 {[%clk 01:31:55]} {[%emt 00:00:10]} Bg7
{[%clk 01:26:59]} {[%emt 00:00:40]} 5. d3 {[%clk 01:32:10]} {[%emt 00:00:16]}
O-O {[%clk 01:27:07]} {[%emt 00:00:22]} 6. O-O {[%clk 01:32:22]} {[%emt
00:00:18]} b6 {[%clk 01:26:24]} {[%emt 00:01:13]} 7. Nc3 {[%clk 01:27:42]}
{[%emt 00:05:10]} Bb7 {[%clk 01:24:01]} {[%emt 00:02:51]} 8. e4 {[%clk
01:25:31]} {[%emt 00:02:42]} dxe4 {[%clk 01:22:06]} {[%emt 00:02:26]} 9. Ng5
{[%clk 01:25:56]} {[%emt 00:00:06]} Nbd7 {[%clk 01:19:06]} {[%emt 00:03:28]} 10.
Ngxe4 {[%clk 01:21:18]} {[%emt 00:05:09]} Nxe4 {[%clk 01:18:44]} {[%emt
00:00:52]} 11. dxe4 {[%clk 01:21:35]} {[%emt 00:00:13]} Nc5 {[%clk 01:16:31]}
{[%emt 00:02:41]} 12. e5 {[%clk 01:15:24]} {[%emt 00:06:44]} Bxg2 {[%clk
01:15:25]} {[%emt 00:01:36]} 13. Kxg2 {[%clk 01:15:49]} {[%emt 00:00:04]} Qxd1
{[%clk 01:14:10]} {[%emt 00:01:44]} 14. Rxd1 {[%clk 01:16:14]} {[%emt
00:00:05]} Rfd8 {[%clk 01:14:16]} {[%emt 00:00:24]} 15. Be3 {[%clk 01:16:35]}
{[%emt 00:00:10]} Ne6 {[%clk 01:13:57]} {[%emt 00:00:49]} 16. Kf3 {[%clk
01:02:10]} {[%emt 00:14:55]} c6 {[%clk 01:12:46]} {[%emt 00:01:39]} 17. g4
{[%clk 00:58:24]} {[%emt 00:04:18]} Rxd1 {[%clk 01:11:33]} {[%emt 00:01:43]} 18.
Rxd1 {[%clk 00:58:48]} {[%emt 00:00:07]} Rd8 {[%clk 01:11:59]} {[%emt
00:00:03]} 19. f5 {[%clk 00:55:20]} {[%emt 00:03:58]} Rxd1 {[%clk 01:11:40]}
{[%emt 00:00:49]} 20. Nxd1 {[%clk 00:55:46]} {[%emt 00:00:04]} gxf5 {[%clk
01:11:28]} {[%emt 00:00:42]} 21. gxf5 {[%clk 00:56:13]} {[%emt 00:00:03]} Nc7
{[%clk 01:10:55]} {[%emt 00:01:03]} 22. Ke4 {[%clk 00:56:18]} {[%emt 00:00:25]}
Kf8 {[%clk 01:07:50]} {[%emt 00:03:29]} 23. a4 {[%clk 00:52:03]} {[%emt
00:04:51]} Ke8 {[%clk 01:07:19]} {[%emt 00:01:01]} 24. a5 {[%clk 00:49:41]}
{[%emt 00:02:52]} bxa5 {[%clk 01:01:03]} {[%emt 00:06:46]} 25. Bxa7 {[%clk
00:46:48]} {[%emt 00:03:24]} Nb5 {[%clk 01:01:19]} {[%emt 00:00:13]} 26. Bb6
{[%clk 00:43:35]} {[%emt 00:03:42]} a4 {[%clk 01:01:33]} {[%emt 00:00:18]} 27.
Bc5 {[%clk 00:43:39]} {[%emt 00:00:25]} e6 {[%clk 00:57:14]} {[%emt 00:04:49]}
28. fxe6 {[%clk 00:39:54]} {[%emt 00:04:15]} fxe6 {[%clk 00:57:17]} {[%emt
00:00:26]} 29. c4 {[%clk 00:40:21]} {[%emt 00:00:04]} Nc7 {[%clk 00:56:09]}
{[%emt 00:01:39]} 30. Nc3 {[%clk 00:40:46]} {[%emt 00:00:04]} Bf8 {[%clk
00:54:29]} {[%emt 00:02:10]} 31. Bxf8 {[%clk 00:37:55]} {[%emt 00:03:21]} Kxf8
{[%clk 00:54:53]} {[%emt 00:00:05]} 32. Nxa4 {[%clk 00:38:24]} {[%emt
00:00:03]} Na6 {[%clk 00:54:52]} {[%emt 00:00:27]} 33. Kd4 {[%clk 00:38:43]}
{[%emt 00:00:14]} Ke7 {[%clk 00:55:02]} {[%emt 00:00:20]} 34. Nc5 {[%clk
00:34:19]} {[%emt 00:04:54]} Nc7 {[%clk 00:54:24]} {[%emt 00:01:07]} 35. b4
{[%clk 00:34:03]} {[%emt 00:00:48]} Ne8 {[%clk 00:53:08]} {[%emt 00:01:46]} 36.
b5 {[%clk 00:32:37]} {[%emt 00:01:55]} cxb5 {[%clk 00:53:27]} {[%emt 00:00:12]}
37. cxb5 {[%clk 00:33:03]} {[%emt 00:00:04]} Ng7 {[%clk 00:53:15]} {[%emt
00:00:41]} 38. b6 {[%clk 00:30:30]} {[%emt 00:03:04]} Kd8 {[%clk 00:53:35]}
{[%emt 00:00:07]} 39. Kc4 {[%clk 00:30:47]} {[%emt 00:00:15]} Kc8 {[%clk
00:53:34]} {[%emt 00:00:31]} 40. Kb5 {[%clk 00:31:11]} {[%emt 00:00:06]} Kb8
{[%clk 00:52:50]} {[%emt 00:01:14]} 41. Kc6 {[%clk 00:31:22]} {[%emt 00:00:19]}
1-0

[Event "XLIV Memoriał Szachowy Ludwika Zamenhofa 2025, Grupa B"]
[Site "Bialystok, Poland"]
[Date "2025.12.30"]
[Round "7.13"]
[White "Leskiewicz, Ignacy"]
[Black "Wasiluk, Mateusz"]
[Result "1-0"]
[TimeControl "90'+30\""]
[WhiteElo "2118"]
[BlackElo "1890"]

1. e4 {[%clk 01:13:37]} {[%emt 00:17:15]} c5 {[%clk 01:30:16]} {[%emt
00:00:52]} 2. Nf3 {[%clk 01:13:32]} {[%emt 00:00:35]} d6 {[%clk 01:30:38]}
{[%emt 00:00:08]} 3. c3 {[%clk 01:13:48]} {[%emt 00:00:14]} Nf6 {[%clk
01:31:00]} {[%emt 00:00:07]} 4. h3 {[%clk 01:14:09]} {[%emt 00:00:10]} Nc6
{[%clk 01:31:23]} {[%emt 00:00:07]} 5. Bd3 {[%clk 01:14:06]} {[%emt 00:00:33]}
e5 {[%clk 01:31:44]} {[%emt 00:00:09]} 6. Bc2 {[%clk 01:14:08]} {[%emt
00:00:27]} g6 {[%clk 01:32:07]} {[%emt 00:00:08]} 7. d4 {[%clk 01:11:38]}
{[%emt 00:03:00]} cxd4 {[%clk 01:32:29]} {[%emt 00:00:07]} 8. cxd4 {[%clk
01:12:05]} {[%emt 00:00:04]} exd4 {[%clk 01:32:52]} {[%emt 00:00:07]} 9. Nxd4
{[%clk 01:11:40]} {[%emt 00:00:55]} Bg7 {[%clk 01:33:14]} {[%emt 00:00:07]} 10.
O-O {[%clk 00:42:37]} {[%emt 00:29:34]} O-O {[%clk 01:33:35]} {[%emt 00:00:08]}
11. Be3 {[%clk 00:40:21]} {[%emt 00:02:46]} Re8 {[%clk 01:17:36]} {[%emt
00:16:29]} 12. Nc3 {[%clk 00:33:27]} {[%emt 00:07:24]} d5 {[%clk 01:17:01]}
{[%emt 00:01:05]} 13. Nxc6 {[%clk 00:31:30]} {[%emt 00:02:27]} bxc6 {[%clk
01:17:23]} {[%emt 00:00:09]} 14. Qf3 {[%clk 00:31:51]} {[%emt 00:00:08]} Be6
{[%clk 01:07:13]} {[%emt 00:10:40]} 15. Rfd1 {[%clk 00:26:03]} {[%emt
00:06:18]} Qa5 {[%clk 01:02:46]} {[%emt 00:04:57]} 16. Bd4 {[%clk 00:25:06]}
{[%emt 00:01:27]} Nxe4 {[%clk 00:55:51]} {[%emt 00:07:26]} 17. Bxe4 {[%clk
00:14:16]} {[%emt 00:11:19]} dxe4 {[%clk 00:55:30]} {[%emt 00:00:51]} 18. Nxe4
{[%clk 00:14:43]} {[%emt 00:00:04]} Qf5 {[%clk 00:50:47]} {[%emt 00:05:13]} 19.
Qxf5 {[%clk 00:10:41]} {[%emt 00:04:31]} Bxf5 {[%clk 00:51:03]} {[%emt
00:00:14]} 20. Nd6 {[%clk 00:10:38]} {[%emt 00:00:33]} Bxd4 {[%clk 00:48:17]}
{[%emt 00:03:16]} 21. Rxd4 {[%clk 00:11:07]} Re2 {[%clk 00:45:49]} {[%emt
00:02:58]} 22. Nxf5 {[%clk 00:11:13]} {[%emt 00:00:25]} gxf5 {[%clk 00:46:12]}
{[%emt 00:00:07]} 23. b3 {[%clk 00:10:34]} {[%emt 00:01:09]} Rae8 {[%clk
00:43:00]} {[%emt 00:03:42]} 24. Rf4 {[%clk 00:06:41]} {[%emt 00:04:22]} R8e5
{[%clk 00:41:56]} {[%emt 00:01:34]} 25. a4 {[%clk 00:05:31]} {[%emt 00:01:41]}
Rb2 {[%clk 00:40:46]} {[%emt 00:01:39]} 26. Rf3 {[%clk 00:05:51]} {[%emt
00:00:11]} Kg7 {[%clk 00:37:16]} {[%emt 00:03:59]} 27. Rd1 {[%clk 00:03:57]}
{[%emt 00:02:23]} a5 {[%clk 00:34:49]} {[%emt 00:02:59]} 28. Rd7 {[%clk
00:03:32]} {[%emt 00:00:55]} h5 {[%clk 00:33:06]} {[%emt 00:02:13]} 29. Kh2
{[%clk 00:02:55]} {[%emt 00:01:06]} h4 {[%clk 00:30:28]} {[%emt 00:03:08]} 30.
Rc7 {[%clk 00:01:04]} {[%emt 00:02:22]} Re1 {[%clk 00:25:18]} {[%emt 00:05:40]}
31. Rxf5 {[%clk 00:01:02]} {[%emt 00:00:33]} Rbb1 {[%clk 00:25:40]} {[%emt
00:00:07]} 32. Rfxf7+ {[%clk 00:00:59]} {[%emt 00:00:33]} Kg6 {[%clk 00:25:43]}
{[%emt 00:00:28]} 33. Rg7+ {[%clk 00:01:25]} {[%emt 00:00:03]} Kh5 {[%clk
00:25:04]} {[%emt 00:01:08]} 34. Rh7+ {[%clk 00:01:34]} {[%emt 00:00:21]} Kg5
{[%clk 00:25:27]} {[%emt 00:00:07]} 35. f4+ {[%clk 00:01:43]} {[%emt 00:00:22]}
Kf5 {[%clk 00:25:24]} {[%emt 00:00:32]} 36. Rh5+ {[%clk 00:00:46]} {[%emt
00:01:27]} Kxf4 {[%clk 00:25:16]} {[%emt 00:00:39]} 37. Rf7+ {[%clk 00:00:55]}
{[%emt 00:02:35]} Ke4 {[%clk 00:25:01]} {[%emt 00:00:51]} 38. Rxh4+ {[%clk
00:03:08]} {[%emt 00:00:15]} Kd3 {[%clk 00:25:24]} {[%emt 00:00:07]} 39. Rf3+
{[%clk 00:03:18]} {[%emt 00:00:20]} Kc2 {[%clk 00:25:44]} {[%emt 00:00:09]} 40.
Rc4+ {[%clk 00:03:40]} {[%emt 00:00:09]} Kb2 {[%clk 00:26:00]} {[%emt
00:00:14]} 41. Rxc6 {[%clk 00:03:50]} {[%emt 00:00:20]} Ka3 {[%clk 00:26:23]}
{[%emt 00:00:07]} 42. Rc5 {[%clk 00:03:43]} {[%emt 00:00:37]} Rh1+ {[%clk
00:25:50]} {[%emt 00:01:03]} 43. Kg3 {[%clk 00:04:12]} {[%emt 00:00:02]} Rb2
{[%clk 00:26:10]} {[%emt 00:00:09]} 44. b4+ {[%clk 00:03:01]} {[%emt 00:01:41]}
Kxb4 {[%clk 00:26:32]} {[%emt 00:00:08]} 45. Rb5+ {[%clk 00:03:27]} {[%emt
00:00:04]} Kxa4 {[%clk 00:26:47]} {[%emt 00:00:14]} 46. Rxb2 {[%clk 00:03:38]}
{[%emt 00:00:20]} Rxh3+ {[%clk 00:27:08]} {[%emt 00:00:09]} 47. Kf2 {[%clk
00:04:04]} {[%emt 00:00:03]} Rg3 {[%clk 00:25:08]} {[%emt 00:02:31]} 48. Ra2+
{[%clk 00:04:27]} {[%emt 00:00:08]} 1-0

[Event "XLIV Memoriał Szachowy Ludwika Zamenhofa 2025, Grupa B"]
[Site "Bialystok, Poland"]
[Date "2025.12.30"]
[Round "7.14"]
[White "Pojawa, Jakub"]
[Black "Padalka, Artem"]
[Result "0-1"]
[TimeControl "90'+30\""]
[WhiteElo "1858"]
[BlackElo "2111"]

1. d4 {[%clk 01:21:13]} {[%emt 00:09:47]} d5 {[%clk 01:28:54]} {[%emt
00:02:06]} 2. c4 {[%clk 01:20:30]} {[%emt 00:01:13]} e6 {[%clk 01:28:03]}
{[%emt 00:01:21]} 3. Nc3 {[%clk 01:19:59]} {[%emt 00:01:03]} Nf6 {[%clk
01:28:01]} {[%emt 00:00:31]} 4. cxd5 {[%clk 01:20:26]} {[%emt 00:00:04]} exd5
{[%clk 01:28:20]} {[%emt 00:00:10]} 5. Bg5 {[%clk 01:20:51]} {[%emt 00:00:04]}
Nbd7 {[%clk 01:28:10]} {[%emt 00:00:40]} 6. e3 {[%clk 01:20:26]} {[%emt
00:00:56]} c6 {[%clk 01:28:11]} {[%emt 00:00:29]} 7. Bd3 {[%clk 01:20:47]}
{[%emt 00:00:09]} Be7 {[%clk 01:28:32]} {[%emt 00:00:08]} 8. Nge2 {[%clk
01:21:09]} {[%emt 00:00:08]} O-O {[%clk 01:28:32]} {[%emt 00:00:30]} 9. O-O
{[%clk 01:19:51]} {[%emt 00:01:49]} Re8 {[%clk 01:28:21]} {[%emt 00:00:39]} 10.
Re1 {[%clk 01:10:34]} {[%emt 00:09:49]} a5 {[%clk 01:23:40]} {[%emt 00:05:11]}
11. a4 {[%clk 01:09:32]} {[%emt 00:01:32]} Nf8 {[%clk 01:20:53]} {[%emt
00:03:16]} 12. Qc2 {[%clk 01:08:56]} {[%emt 00:01:07]} Ng6 {[%clk 01:14:29]}
{[%emt 00:06:53]} 13. Nf4 {[%clk 01:07:23]} {[%emt 00:02:02]} Bd6 {[%clk
01:11:19]} {[%emt 00:03:40]} 14. Nxg6 {[%clk 01:05:07]} {[%emt 00:02:47]} hxg6
{[%clk 01:11:14]} {[%emt 00:00:35]} 15. g3 {[%clk 01:01:26]} {[%emt 00:04:11]}
Qd7 {[%clk 01:09:46]} {[%emt 00:01:57]} 16. Bxf6 {[%clk 01:00:16]} {[%emt
00:01:41]} gxf6 {[%clk 01:10:07]} {[%emt 00:00:09]} 17. e4 {[%clk 00:52:46]}
{[%emt 00:08:01]} dxe4 {[%clk 01:07:32]} {[%emt 00:03:04]} 18. Bxe4 {[%clk
00:51:37]} {[%emt 00:01:40]} Qg4 {[%clk 00:46:00]} {[%emt 00:22:00]} 19. Re3
{[%clk 00:47:44]} {[%emt 00:04:23]} Bd7 {[%clk 00:42:54]} {[%emt 00:03:37]} 20.
Bf3 {[%clk 00:41:46]} {[%emt 00:06:28]} Qh3 {[%clk 00:19:23]} {[%emt 00:24:02]}
21. Ne4 {[%clk 00:36:37]} {[%emt 00:05:39]} Be7 {[%clk 00:17:39]} {[%emt
00:02:13]} 22. Bg2 {[%clk 00:35:30]} {[%emt 00:01:37]} Qh5 {[%clk 00:14:18]}
{[%emt 00:03:51]} 23. Rae1 {[%clk 00:34:27]} {[%emt 00:01:32]} Kg7 {[%clk
00:11:58]} {[%emt 00:02:51]} 24. Qb3 {[%clk 00:28:56]} {[%emt 00:06:00]} Bb4
{[%clk 00:11:45]} {[%emt 00:00:45]} 25. Nc3 {[%clk 00:22:46]} {[%emt 00:06:40]}
Be6 {[%clk 00:09:22]} {[%emt 00:02:53]} 26. Qd1 {[%clk 00:16:24]} {[%emt
00:06:52]} Qxd1 {[%clk 00:08:31]} {[%emt 00:01:20]} 27. Rxd1 {[%clk 00:16:29]}
{[%emt 00:00:26]} Bb3 {[%clk 00:08:12]} {[%emt 00:00:49]} 28. Ra1 {[%clk
00:13:37]} {[%emt 00:03:21]} Red8 {[%clk 00:07:36]} {[%emt 00:01:07]} 29. Rd3
{[%clk 00:12:39]} {[%emt 00:01:24]} Rd7 {[%clk 00:06:54]} {[%emt 00:01:14]} 30.
Bh3 {[%clk 00:12:07]} {[%emt 00:01:03]} f5 {[%clk 00:07:03]} {[%emt 00:00:21]}
31. g4 {[%clk 00:12:02]} {[%emt 00:00:36]} fxg4 {[%clk 00:06:41]} {[%emt
00:00:51]} 32. Bxg4 {[%clk 00:12:21]} {[%emt 00:00:11]} f5 {[%clk 00:07:00]}
{[%emt 00:00:12]} 33. Bf3 {[%clk 00:11:38]} {[%emt 00:01:13]} Rad8 {[%clk
00:06:53]} {[%emt 00:00:35]} 34. d5 {[%clk 00:09:57]} {[%emt 00:02:13]} cxd5
{[%clk 00:04:53]} {[%emt 00:02:30]} 35. Rc1 {[%clk 00:09:26]} {[%emt 00:00:58]}
d4 {[%clk 00:04:37]} {[%emt 00:00:49]} 36. Nb5 {[%clk 00:08:53]} {[%emt
00:01:03]} Bxa4 {[%clk 00:04:41]} {[%emt 00:00:26]} 37. Nc7 {[%clk 00:09:19]}
{[%emt 00:00:04]} Kf7 {[%clk 00:02:46]} {[%emt 00:02:23]} 38. Bxb7 {[%emt
00:00:20]} Bd6 {[%clk 00:01:06]} {[%emt 00:02:08]} 39. Bd5+ {[%clk 00:09:50]}
{[%emt 00:00:13]} Kf6 {[%clk 00:01:12]} {[%emt 00:00:23]} 40. Ne6 {[%clk
00:09:26]} {[%emt 00:00:55]} Rh8 {[%clk 00:00:42]} {[%emt 00:01:00]} 41. h3
{[%clk 00:07:25]} {[%emt 00:02:30]} Be5 {[%clk 00:01:00]} {[%emt 00:00:13]} 42.
Nc5 {[%clk 00:04:24]} {[%emt 00:03:30]} Rxd5 {[%clk 00:01:21]} {[%emt
00:00:09]} 43. Nxa4 {[%clk 00:04:51]} {[%emt 00:00:04]} Rb8 {[%clk 00:01:16]}
{[%emt 00:00:35]} 44. Rc6+ {[%clk 00:05:11]} {[%emt 00:00:09]} Kg5 {[%clk
00:01:30]} {[%emt 00:00:16]} 45. Nb6 {[%clk 00:05:14]} {[%emt 00:00:28]} Rd6
{[%clk 00:01:13]} {[%emt 00:00:47]} 46. Rxd6 Bxd6 {[%clk 00:01:42]} 47. Nc4
{[%clk 00:05:49]} {[%emt 00:00:05]} Bc5 {[%clk 00:01:39]} {[%emt 00:00:33]} 48.
Nxa5 {[%clk 00:06:14]} {[%emt 00:00:05]} Rxb2 {[%clk 00:01:58]} {[%emt
00:00:11]} 49. Nb3 {[%clk 00:06:40]} {[%emt 00:00:03]} Bb6 {[%clk 00:01:43]}
{[%emt 00:00:46]} 50. Nxd4 {[%clk 00:07:01]} {[%emt 00:00:09]} Kf4 {[%clk
00:01:55]} {[%emt 00:00:19]} 51. Ne6+ {[%clk 00:02:27]} {[%emt 00:05:03]} Ke4
{[%clk 00:01:54]} {[%emt 00:00:31]} 52. Ra3 {[%clk 00:02:27]} {[%emt 00:00:30]}
Bxf2+ {[%clk 00:02:10]} {[%emt 00:00:14]} 53. Kf1 {[%clk 00:02:52]} {[%emt
00:00:04]} Be3 {[%clk 00:02:04]} {[%emt 00:00:37]} 54. h4 {[%clk 00:02:03]}
{[%emt 00:01:18]} Rb6 {[%clk 00:01:09]} {[%emt 00:01:23]} 55. Nc7 {[%clk
00:01:22]} {[%emt 00:01:12]} Rc6 {[%clk 00:00:37]} {[%emt 00:01:02]} 56. Nb5
{[%clk 00:01:10]} {[%emt 00:00:45]} Rc2 {[%clk 00:00:41]} {[%emt 00:00:24]} 57.
Nc3+ {[%clk 00:01:10]} {[%emt 00:00:30]} Kf3 {[%clk 00:00:48]} {[%emt
00:00:24]} 58. Nd1 {[%clk 00:01:20]} {[%emt 00:00:20]} f4 {[%clk 00:01:14]}
{[%emt 00:00:04]} 59. Ra6 {[%clk 00:01:40]} {[%emt 00:00:10]} Rh2 {[%clk
00:00:41]} {[%emt 00:01:02]} 0-1

[Event "XLIV Memoriał Szachowy Ludwika Zamenhofa 2025, Grupa B"]
[Site "Bialystok, Poland"]
[Date "2025.12.30"]
[Round "7.15"]
[White "Jaszczuk, Piotr"]
[Black "Maciejewski, Kamil"]
[Result "1-0"]
[TimeControl "90'+30\""]
[WhiteElo "1844"]
[BlackElo "2036"]

1. e4 {[%clk 01:30:59]} e5 {[%clk 01:27:59]} {[%emt 00:02:47]} 2. Nf3 {[%clk
01:31:24]} {[%emt 00:00:19]} Nc6 {[%clk 01:27:38]} {[%emt 00:00:51]} 3. Bb5
{[%clk 01:31:41]} {[%emt 00:00:14]} a6 {[%clk 01:27:44]} {[%emt 00:00:24]} 4.
Ba4 {[%clk 01:31:42]} {[%emt 00:00:28]} Nf6 {[%clk 01:27:56]} {[%emt 00:00:18]}
5. O-O {[%clk 01:30:53]} {[%emt 00:01:20]} Be7 {[%clk 01:28:10]} {[%emt
00:00:16]} 6. Re1 {[%clk 01:30:19]} {[%emt 00:01:03]} b5 {[%clk 01:28:08]}
{[%emt 00:00:33]} 7. Bb3 {[%clk 01:30:40]} {[%emt 00:00:09]} d6 {[%clk
01:28:25]} {[%emt 00:00:13]} 8. c3 {[%clk 01:28:33]} {[%emt 00:02:38]} O-O
{[%clk 01:28:39]} {[%emt 00:00:15]} 9. a4 {[%clk 01:25:35]} {[%emt 00:03:27]}
Bd7 {[%clk 01:15:50]} {[%emt 00:13:20]} 10. Na3 {[%clk 01:08:17]} {[%emt
00:17:48]} Qb8 {[%clk 01:07:16]} {[%emt 00:09:03]} 11. d3 {[%clk 00:52:17]}
{[%emt 00:16:30]} Na5 {[%clk 00:53:20]} {[%emt 00:14:26]} 12. axb5 {[%clk
00:46:04]} {[%emt 00:06:43]} Nxb3 {[%clk 00:38:29]} {[%emt 00:15:21]} 13. Qxb3
{[%clk 00:46:25]} {[%emt 00:00:09]} axb5 {[%clk 00:37:40]} {[%emt 00:01:19]} 14.
Bd2 {[%clk 00:40:57]} {[%emt 00:05:58]} c6 {[%clk 00:34:11]} {[%emt 00:04:00]}
15. Qd1 {[%clk 00:31:56]} {[%emt 00:09:31]} h6 {[%clk 00:19:21]} {[%emt
00:15:20]} 16. Qe2 {[%clk 00:28:12]} {[%emt 00:04:13]} Nh7 {[%clk 00:16:58]}
{[%emt 00:02:54]} 17. d4 {[%clk 00:13:43]} {[%emt 00:14:58]} Bg4 {[%clk
00:15:39]} {[%emt 00:01:49]} 18. Nc2 {[%clk 00:10:50]} {[%emt 00:03:23]} Rxa1
{[%clk 00:15:01]} {[%emt 00:01:08]} 19. Rxa1 {[%clk 00:11:12]} {[%emt
00:00:08]} f5 {[%clk 00:06:31]} {[%emt 00:09:00]} 20. exf5 {[%clk 00:08:54]}
{[%emt 00:02:48]} Bxf5 {[%clk 00:03:10]} {[%emt 00:03:51]} 21. Nb4 {[%clk
00:06:54]} {[%emt 00:02:29]} Qb7 {[%clk 00:02:46]} {[%emt 00:00:55]} 22. dxe5
{[%clk 00:05:18]} {[%emt 00:02:07]} c5 {[%clk 00:02:34]} {[%emt 00:00:41]} 23.
Nd3 {[%clk 00:02:57]} {[%emt 00:02:51]} dxe5 {[%clk 00:02:25]} {[%emt
00:00:39]} 24. Ndxe5 {[%clk 00:01:27]} {[%emt 00:02:00]} Bf6 {[%clk 00:00:53]}
{[%emt 00:02:02]} 25. Bf4 {[%clk 00:00:44]} {[%emt 00:01:12]} Bxe5 {[%clk
00:00:32]} {[%emt 00:00:52]} 26. Qxe5 {[%clk 00:00:36]} {[%emt 00:00:38]} Be4
{[%clk 00:00:36]} {[%emt 00:00:26]} 27. Qe6+ {[%clk 00:00:33]} {[%emt
00:00:34]} Qf7 {[%clk 00:00:32]} {[%emt 00:00:33]} 28. Qxe4 {[%clk 00:00:49]}
{[%emt 00:00:14]} Qxf4 {[%clk 00:01:00]} {[%emt 00:00:02]} 29. Qd5+ {[%clk
00:01:04]} {[%emt 00:00:15]} Kh8 {[%clk 00:00:45]} {[%emt 00:00:44]} 30. Qxc5
{[%clk 00:01:13]} {[%emt 00:00:22]} Rb8 {[%clk 00:00:32]} {[%emt 00:00:44]} 31.
Ne5 {[%clk 00:00:51]} {[%emt 00:00:51]} Qf5 {[%clk 00:00:34]} {[%emt 00:00:28]}
32. Qd6 {[%clk 00:00:37]} {[%emt 00:00:44]} Qc8 {[%clk 00:00:31]} {[%emt
00:00:33]} 33. Ng6+ {[%clk 00:01:00]} {[%emt 00:00:07]} Kg8 {[%clk 00:00:56]}
{[%emt 00:00:05]} 34. Qd5+ {[%clk 00:01:24]} {[%emt 00:00:05]} 1-0

[Event "XLIV Memoriał Szachowy Ludwika Zamenhofa 2025, Grupa B"]
[Site "Bialystok, Poland"]
[Date "2025.12.30"]
[Round "7.16"]
[White "Krzyzosiak, Marta"]
[Black "Zimny, Jakub"]
[Result "1/2-1/2"]
[TimeControl "90'+30\""]
[WhiteElo "1793"]
[BlackElo "1941"]

1. Nf3 {[%clk 01:30:56]} {[%emt 00:00:03]} d5 {[%clk 01:30:48]} {[%emt
00:00:13]} 2. g3 {[%clk 01:31:19]} {[%emt 00:00:06]} Nf6 {[%clk 01:31:11]}
{[%emt 00:00:07]} 3. Bg2 {[%clk 01:31:33]} {[%emt 00:00:16]} g6 {[%clk
01:31:29]} {[%emt 00:00:13]} 4. d3 {[%clk 01:31:52]} {[%emt 00:00:11]} Bg7
{[%clk 01:31:52]} {[%emt 00:00:07]} 5. O-O {[%clk 01:32:10]} {[%emt 00:00:11]}
O-O {[%clk 01:32:10]} {[%emt 00:00:11]} 6. Nbd2 {[%clk 01:32:11]} {[%emt
00:00:30]} c5 {[%clk 01:32:28]} {[%emt 00:00:13]} 7. c3 {[%clk 01:32:18]}
{[%emt 00:00:22]} Nc6 {[%clk 01:32:45]} {[%emt 00:00:14]} 8. e4 {[%clk
01:31:37]} {[%emt 00:01:11]} e5 {[%clk 01:32:35]} {[%emt 00:00:40]} 9. a4
{[%clk 01:26:12]} {[%emt 00:05:55]} h6 {[%clk 01:19:07]} {[%emt 00:13:57]} 10.
Re1 {[%clk 01:03:10]} {[%emt 00:23:32]} d4 {[%clk 01:12:14]} {[%emt 00:07:24]}
11. Nc4 {[%clk 00:57:12]} {[%emt 00:06:28]} Qc7 {[%clk 01:12:30]} {[%emt
00:00:14]} 12. cxd4 {[%clk 00:56:47]} {[%emt 00:00:54]} cxd4 {[%clk 01:12:17]}
{[%emt 00:00:43]} 13. a5 {[%clk 00:55:57]} {[%emt 00:01:20]} Be6 {[%clk
01:12:18]} {[%emt 00:00:30]} 14. Nfd2 {[%clk 00:53:57]} {[%emt 00:02:29]} Rfe8
{[%clk 00:58:00]} {[%emt 00:14:48]} 15. Qa4 {[%clk 00:30:34]} {[%emt 00:23:54]}
Bf8 {[%clk 00:58:16]} {[%emt 00:00:14]} 16. Nf3 {[%clk 00:30:26]} {[%emt
00:00:37]} Nd7 {[%clk 00:57:06]} {[%emt 00:01:40]} 17. Bd2 {[%clk 00:30:29]}
{[%emt 00:00:27]} Nc5 {[%clk 00:49:28]} {[%emt 00:08:08]} 18. Qc2 {[%clk
00:30:16]} {[%emt 00:00:43]} Na6 {[%clk 00:44:08]} {[%emt 00:05:51]} 19. Rec1
{[%clk 00:26:48]} {[%emt 00:03:56]} Rac8 {[%clk 00:32:39]} {[%emt 00:12:00]} 20.
Qa4 {[%clk 00:26:15]} {[%emt 00:01:03]} Nc5 {[%clk 00:32:06]} {[%emt 00:01:01]}
1/2-1/2